Ardentia Limited v British Telecommunications Plc (Record no. 81102)

MARC details
000 -LEADER
fixed length control field 01916cad a22001935a 4500
001 - CONTROL NUMBER
control field L146253
008 - FIXED-LENGTH DATA ELEMENTS--GENERAL INFORMATION
fixed length control field 081219e20080619xxk f v 000 0 eng d
035 ## - SYSTEM CONTROL NUMBER
System control number (Sirsi) u146253
041 0# - LANGUAGE CODE
Language code of text/sound track or separate title eng
245 00 - TITLE STATEMENT
Title Ardentia Limited v British Telecommunications Plc
Medium [electronic resource]
260 ## - PUBLICATION, DISTRIBUTION, ETC.
Date of publication, distribution, etc. 2008
520 ## - SUMMARY, ETC.
Summary, etc. [2008] EWHC B12 (Ch), 19 June 2008. Case considers whether an applicant could issue court proceedings to obtain a permanent injunction when he failed to engage in mediation following the terms of an arbitration clause in a contract governing the relationship between the parties. Ardentia Limited (A) entered into a project agreement with British Communications (B) to provide information technology to the NHS. An argument arose between the two parties in respect of licence fees. A also argued that B was about to conclude a contract with another company for the development of a new software, therefore disrespecting an exclusive supplier clause in the agreement. One of its clause stipulated that in the event of a dispute, the parties would follow a dispute resolution procedure instead of referring to the courts, except in the case of an application for an interim injunction. A started proceedings in relation to these two matters. B requested arbitration. "Held": Interim relief from the court was to be used in only limited circumstances and to support the dispute resolution process, not to bypass it. The whole dispute resolution procedure had to be exhausted, so an injunction was not available. The judge ordered to stay the proceedings pending arbitration.
590 ## - LOCAL NOTE (RLIN)
Local note KA
650 24 - SUBJECT ADDED ENTRY--TOPICAL TERM
Topical term or geographic name entry element ARDENTIA LIMITED V BRITISH TELECOMMUNICATIONS PLC
651 #4 - SUBJECT ADDED ENTRY--GEOGRAPHIC NAME
Geographic name England and Wales
Chronological subdivision 1543-
690 ## - LOCAL SUBJECT ADDED ENTRY--TOPICAL TERM (OCLC, RLIN)
Topical term or geographic name as entry element MANAGEMENT-DISPUTE AVOIDANCE, MANAGEMENT AND RESOLUTION
856 40 - ELECTRONIC LOCATION AND ACCESS
Uniform Resource Identifier <a href="https://www.bailii.org/ew/cases/EWHC/Ch/2008/2111.html">https://www.bailii.org/ew/cases/EWHC/Ch/2008/2111.html</a>
Public note View the case free of charge at www.bailli.org...
942 ## - ADDED ENTRY ELEMENTS (KOHA)
Suppress in OPAC 0
Holdings
Withdrawn status Lost status Source of classification or shelving scheme Damaged status Not for loan Home library Current library Shelving location Date acquired Total Checkouts Full call number Barcode Date last seen Copy number Price effective from Koha item type
    Dewey Decimal Classification     Virtual Virtual Online 19/12/2008   ONLINE PUBLICATION 146253-2001 06/08/2019 1 06/08/2019 Law report